000
00274nam a22001217a 4500
999
_c
155376
_d
155376
082
_a
_b
100
_a
S Patel
245
_a
Tribal education in India a case study of Orissa/
_c
by S Patel.
260
_a
_b
Mittal,
_c
1991.
300
_a
103p.
650
_a
942
_c
BK